Score 0/42 Timer 04:00
0 Plays Today
% Correct
Ireland
97%
United Kingdom
96.6%
Iceland
95.3%
Spain
94.9%
Portugal
94.3%
Russia
93.7%
Germany
93.5%
Italy
93.5%
Turkey
92.7%
Belgium
92.7%
Netherlands
92.6%
Poland
92.6%
Ukraine
92.4%
Austria
92.4%
Latvia
92.3%
Belarus
92.3%
Estonia
92.3%
Greece
92.3%
Lithuania
92.2%
Romania
92.2%
Bulgaria
91.8%
% Correct
Czechia
91.6%
Croatia
91.6%
Hungary
91.5%
Albania
91.4%
Moldova
91.3%
Slovakia
91.3%
Serbia
91.2%
Kosovo
91.1%
Bosnia and Herzegovina
91.1%
Macedonia
91%
Slovenia
90.9%
Montenegro
90.4%
Denmark
89.7%
Vatican City
88.3%
Cyprus
87.8%
Luxembourg
85.8%
San Marino
83.2%
Andorra
82.3%
Malta
78.8%
Monaco
77.3%
Liechtenstein
69.6%
Remove Ads.
Support Sporcle.
Get the best of Sporcle when you Go Orange. This ad-free experience offers more features, more stats, and more fun while also helping to support Sporcle. Thank you for becoming a member.

You're not logged in!

Compare scores with friends on all Sporcle quizzes.
OR
Log In

Show Comments

Extras

Top Quizzes Today


Score Distribution

Your Account Isn't Verified!

In order to create a playlist on Sporcle, you need to verify the email address you used during registration. Go to your Sporcle Settings to finish the process.

Report this User

Report this user for behavior that violates our Community Guidelines.

Details: